PYTHON PROGRAMMING: AN INTRODUCTION TO COMPUTER SCIENCE. (Record no. 216536)
[ view plain ]
| 000 -LEADER | |
|---|---|
| fixed length control field | 00582nam a22001817a 4500 |
| 008 - FIXED-LENGTH DATA ELEMENTS--GENERAL INFORMATION | |
| fixed length control field | 260204b |||||||| |||| 00| 0 eng d |
| 020 ## - INTERNATIONAL STANDARD BOOK NUMBER | |
| International Standard Book Number | 978-1-59028-297-7 |
| 050 ## - LIBRARY OF CONGRESS CALL NUMBER | |
| Classification number | QA 76.73 .P 98 Z 45 2025 |
| 100 ## - MAIN ENTRY--PERSONAL NAME | |
| Personal name | ZELLE, JOHN M. |
| 245 ## - TITLE STATEMENT | |
| Title | PYTHON PROGRAMMING: AN INTRODUCTION TO COMPUTER SCIENCE. |
| 250 ## - EDITION STATEMENT | |
| Edition statement | 4TH |
| 260 ## - PUBLICATION, DISTRIBUTION, ETC. | |
| Place of publication, distribution, etc. | PORTLAND, |
| Name of publisher, distributor, etc. | FRANKLIN, BEEDLE AND ASSOCIATES INC, |
| Date of publication, distribution, etc. | 202, |
| 300 ## - PHYSICAL DESCRIPTION | |
| Extent | xv, 557 p, ILL |
| 500 ## - GENERAL NOTE | |
| General note | INCLUDES BIBLIOGRAPHICAL REFERENCES AND INDEX |
| 650 ## - SUBJECT ADDED ENTRY | |
| Topical term or geographic name entry element | PYTHON( COMPUTER PROGRAM LANGUAGE) |
| 942 ## - ADDED ENTRY ELEMENTS (KOHA) | |
| Source of classification or shelving scheme | Library of Congress Classification |
| Koha item type | Long Loan Book |
| Withdrawn status | Lost status | Source of classification or shelving scheme | Damaged status | Not for loan | Collection | Home library | Current library | Shelving location | Date acquired | Inventory number | Total checkouts | Full call number | Barcode | Date last seen | Copy number | Price effective from | Koha item type | Date last checked out |
|---|---|---|---|---|---|---|---|---|---|---|---|---|---|---|---|---|---|---|
| Library of Congress Classification | Science & Technology | Kisii University Library | Kisii University Library | On Display | 02/04/2026 | 111052 | QA 76.73 .P 98 Z45 | 50546 | 02/04/2026 | 1 | 02/04/2026 | Long Loan Book | ||||||
| Library of Congress Classification | Science & Technology | Kisii University Library | Kisii University Library | On Display | 02/04/2026 | 111053 | 2 | QA 76.73 .P 98 Z45 | 50544 | 03/28/2026 | 2 | 02/04/2026 | Long Loan Book | 03/18/2026 | ||||
| Library of Congress Classification | Science & Technology | Kisii University Library | Kisii University Library | On Display | 02/04/2026 | 111054 | QA 76.73 .P 98 Z45 | 50384 | 02/04/2026 | 3 | 02/04/2026 | Long Loan Book | ||||||
| Library of Congress Classification | Science & Technology | Kisii University Library | Kisii University Library | On Display | 02/04/2026 | 111055 | 1 | QA 76.73 .P 98 Z45 | 50382 | 04/27/2026 | 4 | 02/04/2026 | Long Loan Book | 04/20/2026 | ||||
| Library of Congress Classification | Science & Technology | Kisii University Library | Kisii University Library | On Display | 02/04/2026 | 111056 | QA 76.73 .P 98 Z45 | 50385 | 02/04/2026 | 5 | 02/04/2026 | Long Loan Book |